Statistics for Australia Football Team World Cup Starting XI

Click here to take the quiz!

General Stats

  • This quiz has been taken 293 times
    (247 since last reset)
  • The average score is 10 of 50

Answer Stats

Player% Correct
Tim Cahill
93%
Mathew Ryan
76%
Aaron Mooy
61%
Mathew Leckie
48%
Mark Schwarzer
46%
Mile Jedinak
46%
Mitchell Duke
42%
Harry Souttar
41%
Mark Viduka
39%
Craig Goodwin
35%
Jackson Irvine
32%
Aziz Behich
31%
Mark Bresciano
28%
Miloš Degenek
26%
Riley McGree
24%
Tom Rogić
23%
Kye Rowles
22%
Trent Sainsbury
21%
Lucas Neill
20%
Brett Emerton
17%
Robbie Kruse
16%
Craig Moore
13%
Mark Milligan
13%
Scott Chipperfield
13%
Jason Culina
12%
Brett Holman
11%
Josh Risdon
11%
Vince Grella
11%
Jason Davidson
10%
Tommy Oar
10%
Alex Wilkinson
9%
Luke Wilkshire
8%
Matthew Spiranovic
8%
Andrew Nabbout
7%
Carl Valeri
7%
Jimmy Mackay
7%
Matt McKay
7%
David Carney
6%
Peter Wilson
6%
Ryan McGowan
6%
Jimmy Rooney
4%
Mile Sterjovski
4%
Adrian Alston
3%
Attila Abonyi
3%
Colin Curran
3%
Jack Reilly
3%
Branko Buljevic
2%
Doug Utjesenovic
2%
Manfred Schaefer
2%
Ray Richards
2%

Score Distribution

Percentile by Number Answered

Percent of People with Each Score

Your Score History

You have not taken this quiz since the last reset